| 000 | 00627nam a2200193Ia 4500 | ||
|---|---|---|---|
| 003 | GCL | ||
| 008 | 140319s9999 xx 000 0 ara d | ||
| 040 |
_aGCL / _cGCL |
||
| 082 | 0 | 4 |
_aط _b813.081 _bج ا |
| 100 | 1 | _aجبرا ابراهيم جبرا | |
| 245 | 1 | 0 |
_aايام العقاب: سيناريو روائى / _cجبرا ابراهيم جبرا |
| 300 | _a151 ص | ||
| 490 |
_aالهيئة العامة للاستعلامات _v0 |
||
| 650 | 0 | 4 | _aالادب العربى |
| 650 | 0 | 4 | _aالقصص العربية |
| 650 | 0 | 4 | _aالقصص التاريخية |
| 650 | 0 | 4 | _aالرواية العربية |
| 942 |
_2ddc _cBK |
||
| 999 |
_c50957 _d50957 |
||